Big Data Analytics. Introduction to Hadoop,Spark, and Machine-Learning (Record no. 21493)
[ view plain ]
| 000 -LEADER | |
|---|---|
| fixed length control field | 00351nam a22001217a 4500 |
| 008 - FIXED-LENGTH DATA ELEMENTS--GENERAL INFORMATION | |
| fixed length control field | 250918b |||||||| |||| 00| 0 eng d |
| 020 ## - INTERNATIONAL STANDARD BOOK NUMBER | |
| ISBN | 978-93-5316-496-6 |
| 100 ## - MAIN ENTRY--AUTHOR NAME | |
| Personal name | R Kamal , P Saxena |
| 245 ## - TITLE STATEMENT | |
| Title | Big Data Analytics. Introduction to Hadoop,Spark, and Machine-Learning |
| 260 ## - PUBLICATION, DISTRIBUTION, ETC. (IMPRINT) | |
| Place of publication | Chennai |
| Name of publisher | McGraw Hill |
| Year of publication | 2023 |
| 300 ## - PHYSICAL DESCRIPTION | |
| Number of Pages | 508 |
| 942 ## - ADDED ENTRY ELEMENTS (KOHA) | |
| Source of classification or shelving scheme | Dewey Decimal Classification |
| Koha item type | Books |
| Accession Number | Cost, normal purchase price | Bill Date | Source of acquisition | Price effective from | Koha item type | Withdrawn / writtenoff status | Materials specified (bound volume or other part) | Damaged status | Not for loan | Permanent Location | Current Location | Shelving location | Date acquired | Lost/ Missing status | department |
|---|---|---|---|---|---|---|---|---|---|---|---|---|---|---|---|
| M 4850 | 960.00 | 8-09-2025 | ABD Jammu | 09/18/2025 | Books | Not For Loan | MIET Library, Jammu | MIET Library, Jammu | 125/4 | 09/08/2025 | MCA | ||||
| M 4851 | 960.00 | 8-09-2025 | ABD Jammu | 09/18/2025 | Books | MIET Library, Jammu | MIET Library, Jammu | 82/6 | 09/08/2025 | MCA | |||||
| M 4852 | 960.00 | 8-09-2025 | ABD Jammu | 09/18/2025 | Books | MIET Library, Jammu | MIET Library, Jammu | 82/6 | 09/08/2025 | MCA | |||||
| M 4853 | 960.00 | 8-09-2025 | ABD Jammu | 09/18/2025 | Books | MIET Library, Jammu | MIET Library, Jammu | 82/6 | 09/08/2025 | MCA | |||||
| M 4854 | 960.00 | 8-09-2025 | ABD Jammu | 09/18/2025 | Books | MIET Library, Jammu | MIET Library, Jammu | 82/6 | 09/08/2025 | MCA |